000 01051nas a2200289 4500
001 BR9211865
003 BR-BrBNA
005 20231205093534.0
007 ta
008 230509b bl.|||p| |||| 00| 00por d
040 _aBR-BrBNA
_bpor
_cBiblioteca Nacional de Agricultura
041 _a(Pt)
072 _aP34
100 1 _aSilva, L.F.C.
100 1 _aSiqueira, J.O.
245 1 _aCrescimento e teores de nutrientes de mudas de abacateiro, mangueira e mamoeiro sob influencia de diferentes especies de fungos micorrizicos vesiculo-arbusculares
246 1 _aGrowth and nutrient contents of avocado, mango and papaya seedlings under the influence of different vesicular-arbuscular mycorrhiza fungal species
650 _aABACATE
650 _aMANGA
650 _aMAMAO
650 _aMICORRIZA
650 _aCRESCIMENTO
650 _aMUDA
773 0 _tRevista Brasileira de Ciencia do Solo (Brazil)
_xISSN 0100-0683
_g(Sep-Dec 1991), v. 15(3) p. 283-288
_wBR9211865
909 _a202311
_bLúcia
_c55
_dLúcia Elande
942 _2AGRIS
_n0
_cANA
999 _c139062
_d139062